The Impact of the Gospel of Christ Upon the Paite People| (Record no. 8085)

MARC details
000 -LEADER
fixed length control field 00491nam a22001577a 4500
003 - CONTROL NUMBER IDENTIFIER
control field GBCCL
005 - DATE AND TIME OF LATEST TRANSACTION
control field 20241126110643.0
008 - FIXED-LENGTH DATA ELEMENTS--GENERAL INFORMATION
fixed length control field 190218b ||||| |||| 00| 0 eng d
040 ## - CATALOGING SOURCE
Transcribing agency GBC
082 ## - DEWEY DECIMAL CLASSIFICATION NUMBER
Classification number ARC HAT
Item number 1996
100 ## - MAIN ENTRY--PERSONAL NAME
Personal name Hatlang, Gouzakap
9 (RLIN) 13766
245 ## - TITLE STATEMENT
Title The Impact of the Gospel of Christ Upon the Paite People|
Statement of responsibility, etc. Gouzakap Hatlang
300 ## - PHYSICAL DESCRIPTION
Extent xviii + 407 p.;
Dimensions 21 cm. x 27 cm.
650 ## - SUBJECT ADDED ENTRY--TOPICAL TERM
Form subdivision Paite
-- Impact of the Gospel
General subdivision Animism
Geographic subdivision Lamka
-- Churachandpur
9 (RLIN) 14095
942 ## - ADDED ENTRY ELEMENTS (KOHA)
Source of classification or shelving scheme Dewey Decimal Classification
Koha item type Thesis
Holdings
Withdrawn status Lost status Source of classification or shelving scheme Damaged status Not for loan Home library Current Library Shelving location Date acquired Total checkouts Full call number Barcode Date last seen Copy number Price effective from Koha item type
    Dewey Decimal Classification     GRACE BIBLE COLLEGE GRACE BIBLE COLLEGE Archives 2019-02-18   ARC HAT 1996 025147 2025-05-01 c.1 2019-02-18 Thesis
© Grace Bible College Library 2025